Wichita Quiz - Statistics

General Stats
  • This quiz has been taken 5 times
  • The average score is 12 of 15
Answer Stats
Hint Answer % Correct
What major river runs through Wichita? Arkansas River
100%
Wichita was once famous as a cattle town with what nickname? Cowtown
100%
What arena in downtown Wichita hosts concerts and sporting events? INTRUST Bank Arena
100%
What famous pizza chain was founded in Wichita in 1958? Pizza Hut
100%
Wichita is located in what Kansas County? Sedgwick County
100%
What is the name of Wichita’s main airport? Wichita Dwight D. Eisenhower National Airport
100%
Which university in Wichita has the mascot “Shockers”? Wichita State University
100%
Wichita State’s mascot is named what? WuShock
100%
Name one aircraft company founded in Wichita. Cessna, Beechcraft, or Stearman Aircraft
75%
What military base located near Wichita is named after an aviation pioneer? McConnell Air Force Base
75%
What famous nickname does Wichita have because of its aviation industry? The Air Capital of the World
75%
What major private company headquartered in Wichita is associated with the Koch family? Koch Industries
50%
What historic museum in Wichita preserves the city’s cowtown history? Old Cowtown Museum
50%
Which famous runner came out of Wichita East High School? Ryan Son
25%
What famous Old West lawman briefly worked as a police officer in Wichita in 1875? Wyatt Earp
25%
No matching quizzes found
Score Distribution
Percent of People with Each Score
Percentile by Number Answered
Your Score History
You have not taken this quiz